Entretiens sur les principaux personnages célèbres de la France (Record no. 153669)
[ view plain ]
| 000 -LEADER | |
|---|---|
| campo de control de longitud fija | 01124nam a22002535i 4500 |
| 001 - NÚMERO DE CONTROL | |
| campo de control | 153669 |
| 003 - IDENTIFICADOR DE NÚMERO DE CONTROL | |
| campo de control | ES-MaACL |
| 005 - FECHA Y HORA DE LA ÚLTIMA TRANSACCIÓN | |
| campo de control | 20250927114200.0 |
| 008 - DATOS DE LONGITUD FIJA--INFORMACIÓN GENERAL | |
| campo de control de longitud fija | 040831s1837 fr |||| | fre d |
| 040 ## - FUENTE DE CATALOGACIÓN | |
| Centro catalogador/agencia de origen | CAM |
| Lengua de catalogación | spa |
| Centro/agencia transcriptor | CAM |
| 245 00 - MENCIÓN DEL TÍTULO | |
| Título | Entretiens sur les principaux personnages célèbres de la France |
| Resto del título | : depuis les premiers temps de la Monarchie jusqu'à la Révolution de 1789 / |
| Mención de responsabilidad, etc. | par L.M.C.***. |
| 260 ## - PUBLICACIÓN, DISTRIBUCIÓN, ETC. | |
| Lugar de publicación, distribución, etc. | Paris ; |
| -- | Strasbourg : |
| Nombre del editor, distribuidor, etc. | chez F.G. Levrault, |
| Fecha de publicación, distribución, etc. | 1837. |
| 300 ## - DESCRIPCIÓN FÍSICA | |
| Extensión | 166, [2] p. ; |
| Dimensiones | 14 cm. |
| 490 1# - MENCIÓN DE SERIE | |
| Mención de serie | Maitre Pierre ou Le savant de village |
| 490 1# - MENCIÓN DE SERIE | |
| Mención de serie | Bibliothèque de l'instruction populaire ; |
| Designación de volumen o secuencia | 35 |
| 598 ## - NOTA LOCAL | |
| Nota local | Segunda serie tomada de la BN Opale-Plus. |
| 650 04 - PUNTO DE ACCESO ADICIONAL DE MATERIA--TÉRMINO DE MATERIA | |
| Término de materia o nombre geográfico como elemento de entrada | Personajes franceses- |
| Subdivisión de forma | Misceláneas. |
| 9 (RLIN) | 187806 |
| 700 1# - ENTRADA AGREGADA--NOMBRE PERSONAL | |
| Nombre de persona | Levrault, François-Georges, |
| Fechas asociadas al nombre | 1722-1798 |
| 9 (RLIN) | 170499 |
| 740 01 - ENTRADA AGREGADA--TÍTULO RELACIONADO/ANALÍTICO NO CONTROLADO | |
| Título relacionado o analítico no controlado | Maitre Pierre ou Le savant de village. |
| 830 0# - PUNTO DE ACCESO ADICIONAL DE SERIE-TÍTULO UNIFORME | |
| Título uniforme | Maitre Pierre ou Le savant de village |
| 9 (RLIN) | 187710 |
| 830 0# - PUNTO DE ACCESO ADICIONAL DE SERIE-TÍTULO UNIFORME | |
| Título uniforme | Bibliothèque de l'instruction populaire ; |
| Designación de volumen o secuencia | 35 |
| 9 (RLIN) | 187711 |
| 852 ## - LOCALIZACIÓN | |
| Ubicación | ES-MaACL |
| Número de control de estantería | D-5198(2) |
| Nota libre | -- Enc. hol. |
| Encuadernación | -- Edic.: en el lomo consta : Instruction populaire |
| Estatus retirado | Estado de pérdida | Estado de daño | No para préstamo | Colección | Biblioteca de origen | Biblioteca actual | Ubicación en estantería | Fecha de adquisición | Total de préstamos | Signatura topográfica completa | Código de barras | Visto por última vez | Precio de reemplazo | Tipo de ítem Koha |
|---|---|---|---|---|---|---|---|---|---|---|---|---|---|---|
| Libros del s. XIX | Biblioteca del Ateneo de Madrid | Biblioteca del Ateneo de Madrid | Sala Valle Inclán | 17/01/2008 | D-5198(3) | 901160650 | 23/02/2023 | 23/02/2023 | Libro impreso antiguo |
